Elements of cost accounting (Record no. 2563)
[ view plain ]
| 000 -LEADER | |
|---|---|
| fixed length control field | 00725 a2200205 4500 |
| 020 ## - INTERNATIONAL STANDARD BOOK NUMBER | |
| Terms of availability | 160.00 |
| 035 ## - SYSTEM CONTROL NUMBER | |
| System control number | B-90448 |
| 037 ## - SOURCE OF ACQUISITION | |
| Source of stock number/acquisition | RP-ZLS-2235 / PANSY-05-06:6 / RP-05-06:ENG |
| 082 14 - DEWEY DECIMAL CLASSIFICATION NUMBER | |
| Classification number | 657.42 |
| 090 ## - LOCALLY ASSIGNED LC-TYPE CALL NUMBER (OCLC); LOCAL CALL NUMBER (OCLC) | |
| -- | 2606 |
| -- | 2606 |
| 100 1# - MAIN ENTRY--PERSONAL NAME | |
| Personal name | Maheshwari, S.N. |
| 245 1# - TITLE STATEMENT | |
| Title | Elements of cost accounting |
| Statement of responsibility, etc | by S.N. Maheshwari, S.N. Mittal |
| 250 ## - EDITION STATEMENT | |
| Edition statement | 21st rev. & enl. ed |
| 260 ## - PUBLICATION, DISTRIBUTION, ETC. (IMPRINT) | |
| Place of publication, distribution, etc | Delhi |
| Name of publisher, distributor, etc | Shree Mahavir Book Depot. |
| Date of publication, distribution, etc | 2005-06 |
| 270 ## - ADDRESS | |
| Address | 2603, Nai Sarak |
| State or province | Delhi |
| Postal code | 110006 |
| Telephone number | 23262993 |
| Fax number | 23270792 |
| Electronic mail address | mahavirpublications@hotmail.com |
| 300 ## - PHYSICAL DESCRIPTION | |
| Extent | iii, 440, 10 p |
| Dimensions | 24 cm (pbk) |
| 700 ## - ADDED ENTRY--PERSONAL NAME | |
| Personal name | Mittal, S.N. |
| 942 ## - ADDED ENTRY ELEMENTS (KOHA) | |
| Institution code [OBSOLETE] | dpl |
| Koha item type | English Books |
| Call number prefix | 657.42 / MAH |
| Withdrawn status | Lost status | Source of classification or shelving scheme | Damaged status | Not for loan | Collection code | Home library | Current library | Cost, normal purchase price | Total Checkouts | Full call number | Barcode | Date last seen | Copy number | Uniform Resource Identifier | Cost, replacement price | Price effective from | Koha item type | Public note |
|---|---|---|---|---|---|---|---|---|---|---|---|---|---|---|---|---|---|---|
| Dewey Decimal Classification | Non-fiction | Sarojini Nagar | Sarojini Nagar | 160.00 | 657.42 MAH | B-90448 | 15/09/2008 | 1 | 2706 | 160.00 | 15/09/2008 | English Books | Withdrawn List Prepared L.No.75/13 |
